Postavenie Slovenskej republiky v krízovom manažmente Európskej únie

Uložené v:
Podrobná bibliografia
Hlavný autor: Filip, Stanislav
Ďalší autori: Hudák, Ján, Novák, Ladislav
Médium: Kniha
Jazyk:Slovak
Vydavateľské údaje: Bratislava Wolters Kluwer 2017
Vydanie:1. vydanie
Edícia:Ekonómia
Predmet:
Tagy: Pridať tag
Žiadne tagy, Buďte prvý, kto otaguje tento záznam!

MARC

LEADER 00000nam a2200000 4500
001 0249413
005 20240221113108.3
020 |a 978-80-8168-713-6 
041 0 |a slo 
044 |a SK 
245 1 0 |a Postavenie Slovenskej republiky v krízovom manažmente Európskej únie  |c Stanislav Filip ; recenzenti: Ján Hudák, Ladislav Novák 
250 |a 1. vydanie 
264 1 |a Bratislava  |b Wolters Kluwer  |c 2017 
300 |a 106 s. 
490 1 |a Ekonómia 
830 0 |a Ekonómia 
610 2 0 |a spolupráca medzinárodná 
610 2 0 |a bezpečnosť medzinárodná 
610 2 0 |a kríza 
610 2 0 |a manažment krízový 
610 2 0 |a plánovanie 
610 2 0 |a analýzy 
610 2 0 |a riadenie 
610 2 0 |a štruktúra organizačná 
610 2 0 |a politika bezpečnostná 
610 2 0 |a politika zahraničná 
610 2 0 |a prieskum štatistický 
610 2 0 |a Slovensko 
610 2 0 |a Európska únia 
100 1 |a Filip, Stanislav 
700 1 |a Hudák, Ján 
700 1 |a Novák, Ladislav